000 01486nam a2200337 i 4500
001 768714001
003 CO-MdFUSB
005 20230420111656.0
007 ta
008 960528t19961990miua b 001 | eng
020 _a0310211387
040 _aDLC
_cCO-MdFUSB
_dCO-MdFUSB
_bspa
_erda
041 _aeng
082 _223
_a224.06
_bV253i
100 1 _aVanGemeren, Willem.
_eautor
245 1 0 _aInterpreting the prophetic word :
_ban introduction to the prophetic literature of the Old Testament
_c/ Willem A. VanGemeren.
264 1 _aGrand Rapids, Mich. :
_bZondervan Publishing House,
_c[1996]
264 4 _c© 1996
300 _a545 páginas :
_c23 cm.
336 _2rdacontent
_atexto
_btxt
337 _2rdamedia
_asin mediación
_bn
338 _2rdacarrier
_avolumen
_bnc
505 _tParte 1. El fenómeno profético en Israel
_aEl desarrollo del profetismo -- La tradición profética -- Perspectivas sobre la profecía
505 _tParte 2. El Mensaje de los Profetas Menores
_aOseas, Joel y Amós -- Abdías, Jonás y Miqueas -- Nahum, Habacuc y Sofonías -- Hageo, Zacarías y Malaquías -- Resumen de motivos proféticos
505 _tParte 3. El Mensaje de los Profetas Mayores
_aEl mensaje de Isaías -- El mensaje de Jeremías -- El mensaje de Ezequiel y Daniel -- Viviendo la Palabra Profética
563 _aRustico
630 0 7 _aBiblia.
_pProfetas
_xCrítica, interpretación, etc.
942 _cBK
945 _aMag 1104
999 _c68754
_d68754